Multivariable calculus and Mathematica : with applications to geometry and physics /

Guardado en:
Autor Principal: Coombes, Kevin Robert, 1955-
Otros Autores: Lipsman, Ronald L., Rosenberg, J. 1951-
Formato: Libro
Idioma:English
Publicado: New York : Springer/TELOS, c1998.
Materias:
Etiquetas: Agregar Etiqueta
Sin Etiquetas, Sea el primero en etiquetar este registro!
LEADER 01188cam a2200253 a 4500
001 MAT.inmabb003279
008 971017s1998####nyua##########001#0#eng##
005 20130219174258.0
245 1 0 |a Multivariable calculus and Mathematica :  |b with applications to geometry and physics /  |c Kevin R. Coombes, Ronald L. Lipsman, Jonathan M. Rosenberg. 
260 |a New York :  |b Springer/TELOS,  |c c1998. 
300 |a xiii, 283 p. :  |b il. ;  |c 24 cm. +  |e 1 diskette (3 1/2 plg.) 
505 0 |a 1. Introduction -- 2. Vectors and graphics -- 3. Geometry of curves -- 4. Kinematics -- 5. Directional derivatives -- 6. Geometry of surfaces -- 7. Optimization in several variables -- 8. Multiple integrals -- 9. Physical applications of vector calculus -- 10. Mathematica tips. 
510 4 |a MR,  |c 99b:26001 
020 |a 0387983600 (pbk.) 
100 1 |a Coombes, Kevin Robert,  |d 1955- 
700 1 |a Lipsman, Ronald L. 
700 1 |a Rosenberg, J.  |q (Jonathan),  |d 1951- 
650 0 |a Calculus  |x Computer-assisted instruction. 
630 0 0 |a Mathematica (Computer file) 
084 |a 26-01  |2 msc2000 
084 |a 26Bxx  |2 msc2000 
010 |a  97044764  
040 |a DLC  |c DLC  |d DLC 
859 |h 26  |i C775  |p A-7662  |b BIB. MATEMATICA